000 00418nam a2200145 i 4500
001 bg
100 1 _aROTAUB, Adam
245 0 _aWybrane zagadnienia organizacji i zarządzania w przedsiębiorstwie przemysłowym /
_cAdam Rotaub, Aleksander Erabara.
260 _aCzęstochowa,
_c1978.
700 1 _aERABARA, Aleksander
040 _cBPK
041 _apol
942 _cKS
008 s pl f |000 0 pol
999 _c17762
_d17762
856 _uhttp://koha.tu.koszalin.pl/cgi-bin/koha/opac-detail.pl?biblionumber=17762
_yKatalog online BPK